Race relations in the Portuguese colonial empire, 1415-1825. (Record no. 125200)
[ view plain ]
| 000 -LEADER | |
|---|---|
| fixed length control field | 00744cam a2200253I 4500 |
| 001 - CONTROL NUMBER | |
| control field | 4735888 |
| 003 - CONTROL NUMBER IDENTIFIER | |
| control field | ARRUPE |
| 005 - DATE AND TIME OF LATEST TRANSACTION | |
| control field | 20160913094307.0 |
| 008 - FIXED-LENGTH DATA ELEMENTS--GENERAL INFORMATION | |
| fixed length control field | 720609s1963 enkh b 000 0 eng |
| 010 ## - LIBRARY OF CONGRESS CONTROL NUMBER | |
| LC control number | 64000201 |
| 035 ## - SYSTEM CONTROL NUMBER | |
| System control number | (OCoLC)ocm00328419 |
| 035 ## - SYSTEM CONTROL NUMBER | |
| System control number | (NNC)4735888 |
| 040 ## - CATALOGING SOURCE | |
| Original cataloging agency | DLC |
| Transcribing agency | CCL |
| Modifying agency | OCL |
| -- | SER |
| -- | OCL |
| 050 0# - LIBRARY OF CONGRESS CALL NUMBER | |
| Classification number | JV4235 |
| Item number | .B6 |
| 098 ## - OTHER CLASSIFICATION SCHEMES (OCLC) | |
| Call number based on other classification scheme | Bhs |
| 300 ## - PHYSICAL DESCRIPTION | |
| Other physical details | facsim. |
| Dimensions | 20 cm. |
| 100 1# - MAIN ENTRY--PERSONAL NAME | |
| Personal name | Boxer, C. R. |
| Fuller form of name | (Charles Ralph), |
| Dates associated with a name | 1904-2000. |
| 9 (RLIN) | 25638 |
| 245 10 - TITLE STATEMENT | |
| Title | Race relations in the Portuguese colonial empire, 1415-1825. |
| 260 ## - PUBLICATION, DISTRIBUTION, ETC. (IMPRINT) | |
| Place of publication, distribution, etc | Oxford, |
| Name of publisher, distributor, etc | Clarendon Press, |
| Date of publication, distribution, etc | 1963. |
| 300 ## - PHYSICAL DESCRIPTION | |
| Extent | vii, 136 p. |
| 504 ## - BIBLIOGRAPHY, ETC. NOTE | |
| Bibliography, etc | Bibliographical footnotes. |
| 650 #0 - SUBJECT ADDED ENTRY--TOPICAL TERM | |
| Topical term or geographic name as entry element | Native races |
| Geographic subdivision | Portugal |
| General subdivision | Colonies. |
| 9 (RLIN) | 25639 |
| 942 ## - ADDED ENTRY ELEMENTS (KOHA) | |
| Source of classification or shelving scheme | Library of Congress Classification |
| Koha item type | Monograph ( Printed materials) |
| Withdrawn status | Lost status | Source of classification or shelving scheme | Damaged status | Not for loan | Collection code | Home library | Current library | Shelving location | Date acquired | Total Checkouts | Full call number | Barcode | Date last seen | Price effective from | Koha item type |
|---|---|---|---|---|---|---|---|---|---|---|---|---|---|---|---|
| Library of Congress Classification | Main Collection | ARRUPE LIBRARY | ARRUPE LIBRARY | Main Collection | 13/09/2016 | JV4235 .B6 | 46500010185 | 21/06/2018 | 13/09/2016 | Monograph ( Printed materials) |